| 000 | 00861nam a2200241 i 4500 | ||
|---|---|---|---|
| 001 | bg | ||
| 100 | 1 | _aPłóciennik-Napierałowa, Janina. | |
| 245 | 1 | 0 |
_aEwidencja księgowa szczególnych przypadków w działalności gospodarczej firmy / _cJanina Płóciennik-Napierała ; Politechnika Koszalińska, Polskie Towarzystwo Ekonomiczne. Oddział w Koszalinie. |
| 260 |
_aKoszalin : _bPK. : _bPTE. O, _c2001. |
||
| 300 |
_a99 s. : _berr. ; _c24 cm. |
||
| 504 | _aBibliogr. | ||
| 650 | 9 |
_aRachunkowość _xprawo _zPolska _ystan na 2001 r. |
|
| 655 | _aPoradniki | ||
| 710 | 0 | _aPolitechnika Koszalińska | |
| 710 | 0 | _aPolskie Towarzystwo Ekonomiczne (Koszalin) | |
| 020 | _a8391487148 (PTE.O) | ||
| 040 | _cBPK | ||
| 041 | 0 | _apl | |
| 080 | _a346.52:657](438) | ||
| 920 | _a83-914871-4-8 (PTE.O) | ||
| 942 | _cKS | ||
| 008 | s pl f |000 0 pol | ||
| 999 |
_c41701 _d41701 |
||
| 856 |
_uhttp://koha.tu.koszalin.pl/cgi-bin/koha/opac-detail.pl?biblionumber=41701 _yKatalog online BPK |
||